Pokemon by first and last letters - gen 1 - Statistics

General Stats
  • This quiz has been taken 56 times
  • The average score is 14 of 20
Answer Stats
First Answer Last % Correct
F Fearow W
93%
O Onix X
90%
M Magmar R
83%
Z Zubat T
83%
T Tangela A
80%
V Voltorb B
80%
A Alakazam M
75%
N Nidoking G
70%
V Vaporeon N
70%
W Wigglytuff F
70%
O Omastar R
68%
A Articuno O
65%
G Gastly Y
65%
B Beedrill L
63%
I Ivysaur R
63%
L Lickitung G
63%
M Mankey Y
63%
G Golbat T
58%
N Ninetales S
50%
M Metapod D
48%
No matching quizzes found
Score Distribution
Percent of People with Each Score
Percentile by Number Answered
Your Score History
You have not taken this quiz